| 000 | 00906cam a2200241 4500 | ||
|---|---|---|---|
| 008 | 090401t1993 xxu||||| |||| 00| 0 eng d | ||
| 020 | _a0117527300 | ||
| 035 | _a(Sirsi) u63431 | ||
| 041 | _aeng | ||
| 050 | _a333.73 | ||
| 110 |
_aUnited Kingdom _bDepartment of the Environment _9982 |
||
| 245 | _aLandfill costs and prices: correcting possible market distortions : a study by Coopers & Lybrand. | ||
| 260 |
_aLondon _bHMSO _c1993 |
||
| 300 | _avi,64,(37)p. ; 30cm. | ||
| 350 | _a12 | ||
| 520 | _aCoopers & Lybrand were commissioned by the DoE to prepare estimates of the current and likely future costs of waste disposal and to look at the possibility of introducing a levy on controlled landfill waste. | ||
| 650 | _aLANDFILL LEVIES | ||
| 650 | _aWASTE DISPOSAL | ||
| 690 | _aENVIRONMENTAL AND LAND CONSULTANCY | ||
| 710 |
_aCoopers and Lybrand _92441 |
||
| 942 | _n0 | ||
| 948 | _c04/03/1997 | ||
| 999 |
_c94559 _d94559 |
||